|
|
|
|
| LEADER |
00000nam0a2200000 4500 |
| 001 |
288066 |
| 005 |
20231102000042.0 |
| 020 |
|
|
|a RU
|b 85-58541
|
| 035 |
|
|
|a (RuTPU)RU\TPU\book\312514
|
| 090 |
|
|
|a 288066
|
| 100 |
|
|
|a 20150321d1985 m y0rusy5003 ca
|
| 101 |
0 |
|
|a rus
|
| 102 |
|
|
|a RU
|
| 105 |
|
|
|a y j 001zy
|
| 200 |
1 |
|
|a Сборник задач по вычислительной технике в инженерных и экономических расчетах
|e учебное пособие
|f В. Т. Сергованцев, С. М. Смирнов
|
| 210 |
|
|
|a Москва
|c Финансы и статистика
|d 1985
|
| 215 |
|
|
|a 160 с.
|
| 320 |
|
|
|a Библиогр.: с. 158
|
| 606 |
|
|
|a Вычислительные машины электронные
|x Применение в народном хозяйстве
|x Применение в технике
|2 stltpush
|3 (RuTPU)RU\TPU\subj\4174
|9 32474
|
| 610 |
1 |
|
|a задачи
|
| 610 |
1 |
|
|a алгоритмы решения
|
| 610 |
1 |
|
|a алгоритмические языки
|
| 610 |
1 |
|
|a программирование
|
| 610 |
1 |
|
|a темы
|
| 610 |
1 |
|
|a Фортран
|
| 610 |
1 |
|
|a ЭВМ
|
| 610 |
1 |
|
|a учебные пособия
|
| 675 |
|
|
|a 681.3.004(076)
|v 3
|
| 700 |
|
1 |
|a Сергованцев
|b В. Т.
|g Владимир Трофимович
|
| 701 |
|
1 |
|a Смирнов
|b С. М.
|g Сергей Михайлович
|
| 801 |
|
0 |
|a RU
|b RuMRKP
|c 19950704
|g psbo
|
| 801 |
|
1 |
|a RU
|b 63413507
|c 20150321
|
| 801 |
|
2 |
|a RU
|b 63413507
|c 20171114
|g RCR
|
| 942 |
|
|
|c BK
|